000 00617nam a2200229 i 4500
001 000042701
003 DO-SdBNP
005 20230421110006.0
007 ta
008 140205s190? dr aa 000 0 spa d
040 _aDO-SdBNP
_bspa
_cBNPHU
_erda
082 4 _222
_bR426
245 0 0 _aLa República Dominicana
264 _a[ Santo Domingo ] :
_b[ sin nombre],
_c[ sin fecha].
300 _a130 paginas ;
_c29 cm.
336 _2rdaconten.
_atexto
_btxt
337 _2rdamedia
_asin mediación
_bn
338 _2rdacarrier
_avolumen
_bnc
590 _aInventariado, 2023 / DG
910 _aDG
942 _2ddc
_cLBS1
999 _c53330
_d53330